00893nam a22002417a 450000500170000001000130001702000100003003500130004003700160005304000120006908200180008110000240009924500960012326000520021927000500027130000280032150000510034965000460040065000340044694200270048099900190050795201250052620170124110016.0 aA-517480 c00.00 aA-517480 bCen Lib/Ret aDPLbEN a333.9516bDAN aDang, Himraj918672 aHuman conflict in conservation : /cby Himraj Dangbprotected areas:the Indian experience / aNew DelhibVikas Publishing House Pvt Ltdc1991 bNew Delhia576, Masjid Road, Jangpurae110014 a255p. :c20cm(Hb)bill. a Includes bibliographical references and index aConservation of natural resources.914273 aWildlife Conservation.918673 2ddccENh333.9516mDAN c126857d126857 00104070aLbLd2015-06-26eCen Lib/Retg0.00l0o333.9516 DANpA-517480r2015-06-26 00:00:00t1v0.00w2015-06-26yEN